[Event "London Classic FIDE Open"]
[Site "London ENG"]
[Date "2011.12.07"]
[Round "5"]
[White "Das, Arghyadip"]
[Black "Gagare, Shardul"]
[Result "1-0"]
[WhiteTitle "IM"]
[BlackTitle "FM"]
[WhiteElo "2470"]
[BlackElo "2275"]
[WhiteFideId "5003610"]
[BlackFideId "5037883"]
[EventDate "2011.12.03"]

1. c4 c5 2. Nc3 g6 3. Nf3 Bg7 4. e3 Nf6 5. d4 cxd4 6. exd4 d5 7. cxd5 Nxd5 8.
Qa4+ Nc6 9. Bb5 O-O 10. Bxc6 bxc6 11. O-O Qc7 12. Re1 Be6 13. Ne4 Nb6 14. Qa3
Bd5 15. Bg5 Rfe8 16. Ned2 Nc8 17. Rac1 Nd6 18. Bf4 Qb6 19. Be3 Nf5 20. Nc4 Qb5
21. Nce5 f6 22. Rc5 Qb7 23. Nc4 e6 24. Na5 Qd7 25. Qa4 Bxf3 26. gxf3 Nh4 27.
Qxc6 Qxc6 28. Nxc6 Nxf3+ 29. Kf1 Nxe1 30. Kxe1 Bf8 31. Rc4 Bd6 32. h3 Rec8 33.
Ke2 Rc7 34. Kd3 Rac8 35. Na5 Rb8 36. b3 Rb5 37. Ra4 Rc8 38. Nc4 Bb8 39. Ra6 Kf7
40. Rxa7+ Bxa7 41. Nd6+ Kg7 42. Nxb5 Bb8 43. a4 g5 44. a5 Rc6 45. b4 h5 46. f3
Kg6 47. Nc3 f5 48. b5 Rc8 49. b6 h4 50. a6 g4 51. fxg4 fxg4 52. a7 Bxa7 53. bxa7
gxh3 54. Bf4 Ra8 55. Nb5 Kf5 56. Bh2 Kf6 57. Ke4 Ke7 58. Bb8 Kd7 59. Kf3 Kc8 60.
Nc7 Rxa7 61. Bxa7 Kxc7 62. Kf2 Kb7 63. Bc5 Kc6 64. Bf8 Kd5 65. Bg7 Ke4 66. Kg1
Kf3 67. Kh2 Kg4 68. Be5 1-0

[Event "London Classic FIDE Open"]
[Site "London ENG"]
[Date "2011.12.07"]
[Round "5"]
[White "Prosviriakov, Vladimir"]
[Black "Pert, Richard G"]
[Result "1/2-1/2"]
[WhiteTitle "IM"]
[BlackTitle "IM"]
[WhiteElo "2274"]
[BlackElo "2455"]
[WhiteFideId "2004860"]
[BlackFideId "404748"]
[EventDate "2011.12.03"]

1. e4 c5 2. Nf3 d6 3. d4 cxd4 4. Qxd4 Nc6 5. Bb5 Bd7 6. Bxc6 Bxc6 7. Nc3 Nf6 8.
Bg5 e6 9. O-O-O Be7 10. Rhe1 O-O 11. Kb1 h6 12. Bc1 Qa5 13. Qd2 Qc5 14. Nd4 b5
15. Nxc6 Qxc6 16. f3 a5 17. g4 b4 18. Ne2 Nd7 19. Nd4 Qc5 20. Qg2 a4 21. Be3 Qc4
22. Qe2 Rfc8 23. Qxc4 Rxc4 24. b3 Rcc8 25. Rd2 Ra6 26. Red1 Ne5 27. Bf4 Bg5 28.
Bxg5 hxg5 29. Nb5 axb3 30. cxb3 Nxf3 31. Rxd6 Rxd6 32. Nxd6 Rc3 33. Kb2 Re3 34.
Rc1 Ne5 35. Rc8+ Kh7 36. a4 bxa3+ 37. Kxa3 Rd3 38. Nc4 Nxg4 39. Rc7 f5 40. Rc5
Kg6 41. Rc6 fxe4 42. Rxe6+ Kf5 43. Re7 Nxh2 44. Rf7+ Ke6 45. Rxg7 Nf3 46. Nb2
Rd8 47. Nc4 Kf6 48. Rh7 g4 49. Ne3 g3 50. Rh3 Rd3 51. Ng4+ Kg5 52. Rxg3 Kf4 53.
Rg2 Nd4 54. Kb4 Nxb3 55. Nf2 Rd2 56. Nh3+ Kf5 57. Rxd2 Nxd2 58. Kc3 Nf3 59. Kc2
Ke6 60. Kd1 Kf5 61. Ke2 Nd4+ 62. Ke3 Ke5 63. Nf2 Nc2+ 64. Ke2 e3 65. Ng4+ Kf4
66. Nxe3 Nxe3 1/2-1/2

[Event "London Classic FIDE Open"]
[Site "London ENG"]
[Date "2011.12.07"]
[Round "5"]
[White "Cox, John J"]
[Black "Eames, Robert S"]
[Result "0-1"]
[WhiteTitle "IM"]
[BlackTitle "FM"]
[WhiteElo "2423"]
[BlackElo "2241"]
[WhiteFideId "401064"]
[BlackFideId "408743"]
[EventDate "2011.12.03"]

1. c4 e5 2. g3 h5 3. h4 Nf6 4. Bg2 Bc5 5. Nc3 a6 6. e3 Nc6 7. Nge2 d6 8. d4 Ba7
9. Bxc6+ bxc6 10. dxe5 Ng4 11. exd6 Ne5 12. dxc7 Qxc7 13. Ng1 Bg4 14. Qc2 O-O
15. Kf1 Nxc4 16. Kg2 Rad8 17. Nce2 Ne5 18. Bd2 c5 19. f3 Qc6 20. e4 f5 21. fxg4
fxe4 22. Bf4 e3+ 23. Kf1 Qxh1 24. Rd1 Qh2 0-1

[Event "London Classic FIDE Open"]
[Site "London ENG"]
[Date "2011.12.07"]
[Round "5"]
[White "Stone, Andrew M"]
[Black "Summerscale, Aaron P"]
[Result "1/2-1/2"]
[BlackTitle "GM"]
[WhiteElo "2234"]
[BlackElo "2422"]
[WhiteFideId "404985"]
[BlackFideId "400980"]
[EventDate "2011.12.03"]

1. c4 e6 2. g3 d5 3. Bg2 c5 4. Nf3 Nc6 5. O-O Nf6 6. b3 Be7 7. e3 O-O 8. Bb2 b6
9. Nc3 Ba6 10. d3 Qc7 11. a3 Rad8 12. Qc2 Qc8 13. Ne2 Bb7 14. Rad1 Qa8 15. cxd5
Nxd5 16. e4 Nf6 17. h3 Rd7 18. Rd2 Rfd8 1/2-1/2

[Event "London Classic FIDE Open"]
[Site "London ENG"]
[Date "2011.12.07"]
[Round "5"]
[White "Arkell, Keith C"]
[Black "Arvola, Benjamin"]
[Result "1/2-1/2"]
[WhiteTitle "GM"]
[WhiteElo "2418"]
[BlackElo "2232"]
[WhiteFideId "400270"]
[BlackFideId "1506536"]
[EventDate "2011.12.03"]

1. d4 e6 2. c4 Nf6 3. Nf3 Bb4+ 4. Bd2 Qe7 5. g3 Nc6 6. Nc3 Bxc3 7. Bxc3 Ne4 8.
Rc1 O-O 9. Bg2 d6 10. d5 Nxc3 11. Rxc3 Nb8 12. dxe6 fxe6 13. O-O Na6 14. Nd4 c6
15. e4 e5 16. Nc2 Nc5 17. Ne3 a5 18. Qd2 Bd7 19. Rd1 Rf6 20. Ra3 Qf8 21. f3 a4
22. g4 Rd8 23. Nf5 Bc8 24. Qe1 Kh8 25. Qg3 g6 26. g5 Re6 27. Nh6 Ree8 28. Bh3
Bxh3 29. Qxh3 b5 30. cxb5 cxb5 31. Qg4 b4 32. Re3 Kg7 33. h4 Qe7 34. Qg3 Ne6 35.
Ng4 Qa7 36. Kh2 Nf4 37. Qe1 Qb6 38. Nf6 Re7 39. Nd5 Nxd5 40. Rxd5 Rc7 41. Rd2 b3
42. axb3 axb3 43. Red3 Rc2 44. Kg3 Kf7 45. Qd1 Rxd2 46. Qxd2 Ke7 47. Qe3 Qxe3
48. Rxe3 Rb8 49. Rc3 Rb7 50. Kf2 Kd7 51. Ke3 Rb4 52. Kd2 d5 53. Kd3 Kd6 54. Rc8
dxe4+ 55. fxe4 Rd4+ 56. Ke3 Ra4 57. Rd8+ Kc6 58. Kd3 Ra2 59. Rc8+ Kb7 60. Rh8
Rxb2 61. Rxh7+ Kc6 62. Kc3 Re2 63. Kxb3 Rxe4 64. Kc3 Rg4 65. Kd3 Kd5 66. Ke3 e4
67. Rd7+ Ke6 68. Rh7 Ke5 69. Re7+ Kf5 70. Rf7+ Ke5 1/2-1/2

[Event "London Classic FIDE Open"]
[Site "London ENG"]
[Date "2011.12.07"]
[Round "5"]
[White "Roy Chowdhury, Saptarshi"]
[Black "Ledger, Dave J"]
[Result "1-0"]
[WhiteTitle "IM"]
[BlackTitle "FM"]
[WhiteElo "2411"]
[BlackElo "2228"]
[WhiteFideId "5002974"]
[BlackFideId "401986"]
[EventDate "2011.12.03"]

1. e4 e5 2. Nf3 Nc6 3. Bc4 Bc5 4. c3 Nf6 5. d3 d6 6. Nbd2 a6 7. Bb3 O-O 8. h3
Ba7 9. Nf1 d5 10. Qe2 Be6 11. Ng3 dxe4 12. dxe4 Bxb3 13. axb3 Qd7 14. O-O Qe6
15. b4 Ne8 16. Nh4 Nd6 17. Nhf5 Ne7 18. Qg4 Ndxf5 19. exf5 Qc4 20. Qf3 f6 21.
Be3 Bxe3 22. Qxe3 Qf4 23. Qxf4 exf4 24. Nh5 Nxf5 25. Nxf4 Kf7 26. Nd5 c6 27. Nb6
Rad8 28. Rfd1 Ke7 29. Re1+ Kd6 30. Na4 Kc7 31. Nc5 1-0

[Event "London Classic FIDE Open"]
[Site "London ENG"]
[Date "2011.12.07"]
[Round "5"]
[White "Thingstad, Even"]
[Black "Rendle, Thomas E"]
[Result "0-1"]
[BlackTitle "IM"]
[WhiteElo "2213"]
[BlackElo "2389"]
[WhiteFideId "1506439"]
[BlackFideId "408760"]
[EventDate "2011.12.03"]

1. d4 e6 2. c4 Nf6 3. Nc3 Bb4 4. Qc2 O-O 5. a3 Bxc3+ 6. Qxc3 b5 7. cxb5 c6 8.
Bg5 cxb5 9. Nf3 Bb7 10. e3 h6 11. Bh4 g5 12. Bg3 Na6 13. Be2 Ne4 14. Qd3 Qa5+
15. Nd2 Nb4 16. Qb3 Nd5 17. Rd1 Nxd2 18. Rxd2 Rfc8 19. Qd1 Rc6 20. Bd3 Rac8 21.
Qh5 e5 22. Bxe5 Re6 23. b4 Rc1+ 24. Rd1 Rxd1+ 25. Qxd1 Qxa3 26. O-O d6 27. Bg3
Qxb4 28. h4 Qb2 29. Qf3 Qd2 30. Be4 Rf6 31. Qg4 Nxe3 32. fxe3 Qxe3+ 33. Kh2 Rxf1
34. Bxb7 f5 35. Bd5+ Kh7 36. Bf2 Qxf2 37. Qh5 Qxh4+ 0-1

[Event "London Classic FIDE Open"]
[Site "London ENG"]
[Date "2011.12.07"]
[Round "5"]
[White "Getz, Nicolai"]
[Black "Mohammad Ashraf"]
[Result "1-0"]
[WhiteTitle "IM"]
[WhiteElo "2369"]
[BlackElo "2188"]
[WhiteFideId "1505572"]
[BlackFideId "5066263"]
[EventDate "2011.12.03"]

1. Nf3 Nf6 2. c4 c5 3. g3 b6 4. Bg2 Bb7 5. O-O e6 6. d3 Be7 7. Nbd2 O-O 8. b3 d5
9. Bb2 Nc6 10. a3 Qc7 11. Rc1 Rfd8 12. cxd5 Nxd5 13. Ne4 Rac8 14. Rc2 Qb8 15.
Qa1 Bf8 16. Rd1 Na5 17. Qa2 b5 18. Nfd2 Nb6 19. Rdc1 Qa8 20. Bf3 c4 21. bxc4
bxc4 22. dxc4 Nbxc4 23. Rxc4 Nxc4 24. Rxc4 Rxc4 25. Qxc4 Bd5 26. Nf6+ Kh8 27.
Qh4 h6 28. Nxd5 exd5 29. Qxh6+ Kg8 30. Qg5 a5 31. h4 a4 32. h5 Rd6 33. Bd4 Qd8
34. Qe3 Rc6 35. Kg2 Qa5 36. Nb1 Qe1 37. Nc3 Re6 38. Qd3 Bxa3 39. Bxd5 Rd6 40.
Qf5 Rxd5 41. Qxd5 Qd2 42. Qa8+ Kh7 43. Qe4+ Kg8 44. Nb1 1-0

[Event "London Classic FIDE Open"]
[Site "London ENG"]
[Date "2011.12.07"]
[Round "5"]
[White "Gislason, Gudmundur"]
[Black "Holzhauer, Bjoern"]
[Result "1-0"]
[WhiteElo "2318"]
[BlackElo "2131"]
[WhiteFideId "2300559"]
[BlackFideId "20605544"]
[EventDate "2011.12.03"]

1. d4 Nf6 2. g3 d5 3. Bg2 g6 4. Nf3 Bg7 5. O-O O-O 6. c4 dxc4 7. Qa4 Nbd7 8.
Qxc4 Nb6 9. Qc5 Bf5 10. Bf4 Nbd5 11. Be5 c6 12. Qa3 a5 13. Nc3 b5 14. Nxd5 cxd5
15. Qc5 Ne4 16. Qxb5 Bxe5 17. Nxe5 Rb8 18. Qa4 Rxb2 19. Qa3 Rb7 20. Nc6 Qc7 21.
Rfc1 Ra8 22. Qe3 Qd6 23. f3 Nf6 24. g4 Be6 25. Rc2 Rc7 26. Rac1 Rac8 27. Qe5 Kf8
28. Rc5 Bd7 29. g5 Rxc6 30. Qxd6 exd6 31. Rxc6 Rxc6 32. Rxc6 Bxc6 33. gxf6 Ke8
34. Kf2 Kd7 35. Bh3+ Kc7 36. Be6 Be8 37. Bxd5 Kb6 38. e4 Kb5 39. f4 g5 40. fxg5
Kb6 41. Ke3 1-0

[Event "London Classic FIDE Open"]
[Site "London ENG"]
[Date "2011.12.07"]
[Round "5"]
[White "Hassan, Abdullah"]
[Black "Skutta, Bernd"]
[Result "1-0"]
[WhiteTitle "IM"]
[WhiteElo "2398"]
[BlackElo "2098"]
[WhiteFideId "9300481"]
[BlackFideId "4666950"]
[EventDate "2011.12.03"]

1. d4 d5 2. Nf3 c6 3. c4 Nf6 4. cxd5 cxd5 5. Nc3 a6 6. Bf4 Nc6 7. e3 Bg4 8. Be2
e6 9. O-O Be7 10. Rc1 O-O 11. Na4 Rc8 12. Qb3 b5 13. Nc5 Qb6 14. a4 Na5 15. Qa2
Nc6 16. axb5 axb5 17. Qb3 b4 18. Na4 Qb7 19. Qd3 Na5 20. h3 Bf5 21. Qa6 Qxa6 22.
Bxa6 Ra8 23. Bb5 Nb3 24. Rc7 Bd8 25. Rc6 Ra5 26. Bd6 Re8 27. Nc5 Nxc5 28. Rxc5
Bb6 29. Bxe8 Bxc5 30. Bxf7+ Kxf7 31. Ne5+ Ke8 32. Bxc5 b3 33. f3 Ra2 34. e4 dxe4
35. g4 Bg6 36. Nxg6 hxg6 37. g5 Nd5 38. fxe4 Ne3 39. Rf3 Nd1 40. Rxb3 Nxb2 41.
Rb8+ Kd7 42. Rb7+ Kc6 43. Rb6+ Kd7 44. Rd6+ Kc7 45. Rxe6 Nd3 46. Rxg6 Ra1+ 47.
Kh2 1-0

[Event "London Classic FIDE Open"]
[Site "London ENG"]
[Date "2011.12.07"]
[Round "5"]
[White "Smith, Andrew Philip"]
[Black "Ansell, Simon T"]
[Result "1-0"]
[WhiteTitle "FM"]
[BlackTitle "IM"]
[WhiteElo "2167"]
[BlackElo "2389"]
[WhiteFideId "2500833"]
[BlackFideId "402141"]
[EventDate "2011.12.03"]

1. e4 c5 2. Nf3 Nc6 3. d4 cxd4 4. Nxd4 e5 5. Nb5 d6 6. N1c3 a6 7. Na3 Be7 8. Nd5
Nf6 9. Nxf6+ Bxf6 10. Nc4 Be7 11. Be3 Be6 12. Nb6 Rb8 13. c3 O-O 14. Qd2 g6 15.
g3 f5 16. Nd5 fxe4 17. Bb6 Qd7 18. Bg2 Bg5 19. Qd1 Rf3 20. Bxf3 exf3 21. h4 Ne7
22. Nc7 Bh6 23. Nxe6 Qxe6 24. Qxf3 Qc4 25. Be3 Rf8 26. Qe2 Qe4 27. Rf1 Bxe3 28.
Qxe3 Qd5 29. Qd2 Qe4+ 30. Qe3 Qd5 31. Qd2 Qe4+ 32. Qe2 Qd5 33. Qc2 Kg7 34. Rd1
Qc6 35. Qd3 Rf6 36. Rd2 Qa4 37. a3 b5 38. h5 gxh5 39. Rh1 Qg4 40. Qe2 Kg6 41.
Rh4 Qxe2+ 42. Kxe2 d5 43. a4 e4 44. Rd1 bxa4 45. c4 Rb6 46. cxd5 Rxb2+ 47. Ke1
a3 48. d6 Nc6 49. Rxe4 a2 50. Ra4 a5 51. d7 Nd8 52. Rxa5 Kf6 53. Rxh5 Nb7 54.
Rxh7 Nd8 55. Rh6+ Ke7 56. Ra6 1-0

[Event "London Classic FIDE Open"]
[Site "London ENG"]
[Date "2011.12.07"]
[Round "5"]
[White "Mikkelsen, Nikolaj"]
[Black "Williamson, Roger G"]
[Result "1/2-1/2"]
[WhiteTitle "IM"]
[WhiteElo "2381"]
[BlackElo "2157"]
[WhiteFideId "1407970"]
[BlackFideId "414620"]
[EventDate "2011.12.03"]

1. e4 e5 2. Nf3 Nc6 3. Nc3 Nf6 4. g3 Bc5 5. Bg2 d6 6. d3 a6 7. Be3 Ba7 8. O-O
O-O 9. Qd2 Bxe3 10. fxe3 Ne7 11. Nh4 Be6 12. d4 c6 13. h3 Ng6 14. Nf5 Qc7 15. g4
d5 16. exd5 Nxd5 17. Ne4 Rad8 18. c3 Nb6 19. Neg3 Bxf5 20. Nxf5 Ne7 21. Qd3 Nxf5
22. Rxf5 Rd7 23. Raf1 Nc8 24. Qc2 Re7 25. Qb3 exd4 26. cxd4 Qd6 27. Kh1 Qe6 28.
d5 Qxe3 29. dxc6 Qxb3 30. axb3 bxc6 31. Bxc6 Na7 32. Bg2 Nb5 33. Ra1 Nc7 34. Rc5
g6 35. Rc6 Rd8 36. Rac1 Nb5 37. Rc8 Rxc8 38. Rxc8+ Kg7 39. Rc6 Re6 40. Rc2 Re3
41. Rf2 Rxb3 42. Rxf7+ Kxf7 43. Bd5+ Kf6 44. Bxb3 h5 45. gxh5 gxh5 46. Bc4 Kg5
47. Kg2 Kf4 48. Kf2 Nc7 49. b4 h4 50. Bf7 Ke4 51. Bc4 Nd5 52. Bxa6 1/2-1/2

[Event "London Classic FIDE Open"]
[Site "London ENG"]
[Date "2011.12.07"]
[Round "5"]
[White "Zymberi, Astrit"]
[Black "Richardson, John R"]
[Result "0-1"]
[BlackTitle "FM"]
[WhiteElo "2138"]
[BlackElo "2331"]
[WhiteFideId "4700295"]
[BlackFideId "401617"]
[EventDate "2011.12.03"]

1. d4 Nf6 2. c4 e6 3. Nc3 Bb4 4. Qc2 O-O 5. a3 Bxc3+ 6. Qxc3 b6 7. Bg5 Bb7 8. f3
h6 9. Bh4 d5 10. e3 Nbd7 11. cxd5 Nxd5 12. Bxd8 Nxc3 13. Bh4 Nd5 14. Bf2 c5 15.
e4 Nf4 16. Be3 Ng6 17. Ne2 Rac8 18. Nc3 cxd4 19. Bxd4 Nc5 20. Rd1 Nb3 21. Be3
Rfd8 22. Be2 Rxd1+ 23. Bxd1 Na5 24. Be2 Ne5 25. Kf2 Nec4 26. Bc1 Nxa3 27. Rd1
N3c4 28. Bxc4 Rxc4 29. Rd8+ Kh7 30. Rd7 Kg6 31. g4 b5 32. Be3 b4 33. Nd1 a6 34.
Bb6 Bc8 35. Rd8 Nb7 36. Rd2 a5 37. Ne3 Rc6 38. Bd4 Nc5 39. Rc2 Nd3+ 40. Ke2
Rxc2+ 41. Nxc2 Ba6 42. b3 Nc1+ 43. Ke3 Nxb3 44. Bb6 e5 45. h4 f6 46. Bc7 Kf7 47.
h5 Ke7 48. Bb6 Kd7 0-1

[Event "London Classic FIDE Open"]
[Site "London ENG"]
[Date "2011.12.07"]
[Round "5"]
[White "Barton, R Alan"]
[Black "Stoma, Pawel"]
[Result "1/2-1/2"]
[WhiteElo "2073"]
[BlackElo "2316"]
[WhiteFideId "404233"]
[BlackFideId "1113569"]
[EventDate "2011.12.03"]

1. d4 c6 2. Nf3 d5 3. e3 Nf6 4. c4 Bf5 5. cxd5 cxd5 6. Nc3 a6 7. Bd3 Bxd3 8.
Qxd3 e6 9. O-O Nc6 10. b3 Bd6 11. Bb2 O-O 12. Rac1 Qe7 13. Rfd1 Rac8 14. Qb1 b5
15. Ne2 Ne4 16. Ne5 Nxe5 17. dxe5 Bc5 18. Ng3 Nxg3 19. hxg3 h5 20. Qd3 Rc7 21.
Rc2 Rfc8 22. Rdc1 g6 23. Kf1 Bb6 24. Rxc7 Rxc7 25. Rxc7 Qxc7 26. Qc3 Qxc3 27.
Bxc3 Kg7 28. Ke2 g5 29. f3 g4 30. f4 Kg6 31. Kd3 Kf5 32. b4 Bd8 33. Bd4 a5 34.
a3 a4 35. Bb2 Bb6 36. Bd4 Bd8 37. Bb2 h4 38. gxh4 Bxh4 39. Bc3 Bd8 40. Bd4 Bh4
41. Bc3 Bd8 42. Bd4 Be7 43. Bb2 Bd8 44. Bd4 Be7 1/2-1/2

[Event "London Classic FIDE Open"]
[Site "London ENG"]
[Date "2011.12.07"]
[Round "5"]
[White "Berry, Neil"]
[Black "Tavoularis, Nicholas"]
[Result "1/2-1/2"]
[WhiteTitle "FM"]
[WhiteElo "2312"]
[BlackElo "2143"]
[WhiteFideId "2400650"]
[BlackFideId "4205596"]
[EventDate "2011.12.03"]

1. d4 f5 2. g3 Nf6 3. c4 d6 4. Nf3 g6 5. b4 Bg7 6. Bb2 e5 7. dxe5 Ng4 8. Bg2
Nxe5 9. Nxe5 Bxe5 10. Nc3 c6 11. Qd3 Be6 12. Rd1 Qe7 13. f4 Bf6 14. b5 O-O 15.
bxc6 bxc6 16. Qxd6 Bxc4 17. Qxe7 Bxe7 18. O-O a5 19. Rd2 Ra7 20. Rfd1 a4 21. e4
a3 22. Ba1 fxe4 23. Bxe4 Bf6 24. Rd6 Be7 25. R6d2 Bf6 26. Rd6 Be7 1/2-1/2

[Event "London Classic FIDE Open"]
[Site "London ENG"]
[Date "2011.12.07"]
[Round "5"]
[White "Afek, Yochanan"]
[Black "Nandhidhaa, PV"]
[Result "0-1"]
[WhiteTitle "IM"]
[WhiteElo "2301"]
[BlackElo "2139"]
[WhiteFideId "2800462"]
[BlackFideId "5050847"]
[EventDate "2011.12.03"]

1. e4 c5 2. Nf3 e6 3. c3 Nf6 4. e5 Nd5 5. Bc4 Nb6 6. Bb3 d6 7. O-O dxe5 8. Nxe5
Bd6 9. d4 O-O 10. Qg4 cxd4 11. cxd4 N8d7 12. Bg5 Be7 13. Nxf7 Rxf7 14. Qxe6 Bxg5
15. Qxf7+ Kh8 16. Re1 Nf6 17. Nc3 Bd7 18. a4 a5 19. Rad1 Rc8 20. Re5 Bf4 21. Rc5
Bc6 22. d5 Qd6 23. Rxa5 Be8 24. Qxb7 Bxh2+ 25. Kh1 Rxc3 26. bxc3 Ng4 27. g3 Bxg3
28. Rd2 Qh6+ 29. Kg2 Qxd2 30. Kxg3 Qxf2+ 31. Kh3 Qf3+ 32. Kh4 Ne3 0-1

[Event "London Classic FIDE Open"]
[Site "London ENG"]
[Date "2011.12.07"]
[Round "5"]
[White "Martyn, Rafe"]
[Black "Mareckova, Martina"]
[Result "1-0"]
[WhiteTitle "FM"]
[WhiteElo "2249"]
[BlackElo "2123"]
[WhiteFideId "409626"]
[BlackFideId "327930"]
[EventDate "2011.12.03"]

1. d4 Nf6 2. c4 g6 3. Nf3 Bg7 4. g3 O-O 5. Bg2 d6 6. O-O c6 7. Nc3 Bg4 8. Qb3
Qc7 9. e4 e5 10. Be3 Bxf3 11. Bxf3 Nbd7 12. Rad1 Rad8 13. h3 Rfe8 14. Rd2 exd4
15. Bxd4 Nc5 16. Qc2 Nfd7 17. Bxg7 Kxg7 18. Bg2 Ne5 19. b3 f6 20. Nd1 Re7 21.
Ne3 Nf7 22. b4 Na6 23. a3 Ree8 24. Qc3 Qe7 25. f4 Nc7 26. Ng4 h5 27. Nf2 Na8 28.
g4 hxg4 29. hxg4 Nb6 30. g5 Nd7 31. Ng4 Rf8 32. Rfd1 Rh8 33. c5 Qe6 34. Nf2 Rh4
35. Rxd6 Nxd6 36. Rxd6 Qf7 37. gxf6+ Kh7 38. e5 Rxf4 39. e6 Qxf6 40. Qxf6 Rxf6
41. Ne4 1-0

[Event "London Classic FIDE Open"]
[Site "London ENG"]
[Date "2011.12.07"]
[Round "5"]
[White "Lee, Kai Jie Edward"]
[Black "Sreeves, Clement"]
[Result "1-0"]
[WhiteElo "2003"]
[BlackElo "2247"]
[WhiteFideId "5802920"]
[BlackFideId "2402564"]
[EventDate "2011.12.03"]

1. e4 c5 2. Nf3 d6 3. d4 cxd4 4. Nxd4 Nf6 5. f3 e5 6. Nb3 Be7 7. c4 a5 8. Be3 a4
9. N3d2 O-O 10. Nc3 Qa5 11. Rc1 Nc6 12. Be2 Nd4 13. Bxd4 exd4 14. Nb5 Nh5 15. g3
Nf4 16. O-O Nh3+ 17. Kh1 f5 18. f4 g5 19. Nf3 gxf4 20. Nfxd4 fxg3 21. hxg3 fxe4
22. Rxf8+ Bxf8 23. Kg2 Kh8 24. Qf1 Qd8 25. Nc7 Ng5 26. Qf4 Rb8 27. Ncb5 Bd7 28.
Rh1 Bc6 29. Rh5 e3+ 30. Nxc6 bxc6 31. Qxg5 Qxg5 32. Rxg5 cxb5 33. cxb5 Bg7 34.
Rg4 Bxb2 35. Rxa4 d5 36. Kf3 d4 37. Ke4 Rc8 38. Rc4 Rb8 39. a4 Bc3 40. Kd3 Be1
41. g4 Ba5 42. Rxd4 Bb6 43. Rd6 Bc5 44. Rc6 Rd8+ 45. Ke4 Ba7 46. b6 1-0

[Event "London Classic FIDE Open"]
[Site "London ENG"]
[Date "2011.12.07"]
[Round "5"]
[White "Osborne, Marcus E"]
[Black "McKenna, Jason P"]
[Result "1-0"]
[WhiteElo "2246"]
[BlackElo "2110"]
[WhiteFideId "404608"]
[BlackFideId "403857"]
[EventDate "2011.12.03"]

1. d4 g6 2. c4 Bg7 3. e4 d6 4. Nc3 Nf6 5. f3 c6 6. Be3 a6 7. Qd2 b5 8. Bh6 Bxh6
9. Qxh6 Nbd7 10. O-O-O Qa5 11. Kb1 Rb8 12. Qe3 bxc4 13. Bxc4 d5 14. Bb3 Nb6 15.
g4 dxe4 16. Qf4 Rb7 17. Nxe4 Nfd5 18. Qe5 O-O 19. Nc5 Rb8 20. h4 Nc4 21. Qe1
Qxe1 22. Rxe1 Nd2+ 23. Kc1 Nxb3+ 24. axb3 Rb4 25. Ne2 f5 26. g5 f4 27. h5 Bf5
28. Rh4 a5 29. Nxf4 Nxf4 30. Rxf4 gxh5 31. Rxe7 Bg6 32. Rg7+ 1-0

[Event "London Classic FIDE Open"]
[Site "London ENG"]
[Date "2011.12.07"]
[Round "5"]
[White "Perez, Flavio"]
[Black "Nelson, Omowale"]
[Result "1-0"]
[WhiteElo "2245"]
[BlackElo "2070"]
[WhiteFideId "623911"]
[BlackFideId "7400209"]
[EventDate "2011.12.03"]

1. e4 c6 2. Ne2 d5 3. e5 Bf5 4. Ng3 Bg6 5. h4 h6 6. h5 Bh7 7. e6 fxe6 8. d4 e5
9. dxe5 e6 10. Bd3 Bxd3 11. Qxd3 Ne7 12. Nc3 Nd7 13. f4 Nc5 14. Qf3 Qd7 15. Be3
Nf5 16. Nge2 Nxe3 17. Qxe3 O-O-O 18. O-O-O Na6 19. Rhf1 Bc5 20. Qd3 Qf7 21. g4
Qe7 22. Rf3 Rhf8 23. a3 Rf7 24. Na4 Qh4 25. Qg6 Qe7 26. b4 Bb6 27. Nxb6+ axb6
28. Nd4 Nc7 29. f5 c5 30. f6 gxf6 31. exf6 Qf8 32. bxc5 bxc5 33. Nb3 b6 34. Re1
Rd6 35. g5 hxg5 36. h6 e5 37. h7 Rdd7 38. Rh1 Qh8 39. Qg8+ Rf8 40. Qxf8+ 1-0

[Event "London Classic FIDE Open"]
[Site "London ENG"]
[Date "2011.12.07"]
[Round "5"]
[White "Britton, Richard L"]
[Black "Lappas, Konstantinos"]
[Result "1-0"]
[WhiteTitle "FM"]
[WhiteElo "2219"]
[BlackElo "1992"]
[WhiteFideId "401692"]
[BlackFideId "4275748"]
[EventDate "2011.12.03"]

1. e4 c5 2. Nc3 d6 3. Nf3 a6 4. d4 cxd4 5. Nxd4 Nf6 6. Bc4 Qc7 7. Bb3 e6 8. O-O
Nc6 9. Be3 Na5 10. f4 Be7 11. f5 Nxb3 12. axb3 O-O 13. Qf3 e5 14. Nde2 b5 15. g4
Bb7 16. g5 Nxe4 17. Nxe4 d5 18. f6 dxe4 19. Qf2 Bd8 20. fxg7 Kxg7 21. Ng3 f5 22.
Nxf5+ Kh8 23. Qg3 Be7 24. Rf2 Bc5 25. Raf1 Bxe3 26. Nxe3 Rxf2 27. Rxf2 Re8 28.
h4 Bc8 29. Kh2 Kg7 30. h5 Rf8 31. h6+ Kg8 32. Nd5 Rxf2+ 33. Qxf2 Qf7 34. Nf6+
Kh8 35. Qc5 Bf5 36. Qxe5 Qe6 37. Qd4 1-0

[Event "London Classic FIDE Open"]
[Site "London ENG"]
[Date "2011.12.07"]
[Round "5"]
[White "Shepley, Julien M"]
[Black "Surendran, N."]
[Result "0-1"]
[WhiteElo "2043"]
[BlackElo "2207"]
[WhiteFideId "403210"]
[BlackFideId "5021243"]
[EventDate "2011.12.03"]

1. e4 c5 2. Na3 d6 3. Bc4 Nf6 4. d3 a6 5. c3 e6 6. Qe2 Be7 7. Bg5 Nbd7 8. f4 b5
9. Bb3 Bb7 10. Nf3 O-O 11. O-O c4 12. Bc2 cxd3 13. Bxd3 Qb6+ 14. Kh1 Nc5 15.
Bxf6 Bxf6 16. Rae1 Nxd3 17. Qxd3 Rfd8 18. Nc2 b4 19. Nfd4 bxc3 20. Qxc3 Rac8 21.
Qe3 Rc4 22. e5 Bh4 23. Rd1 Qc7 24. Na3 Rc5 25. Qh3 dxe5 26. fxe5 Qe7 27. Nf3 Bg5
28. Qg3 Bh6 29. Qf2 Rxd1 30. Rxd1 g6 31. Nc2 Bxf3 32. gxf3 Rxe5 33. Qb6 Re2 34.
Nd4 Qf6 35. Qxa6 Rxb2 36. Qa8+ Kg7 37. Qa3 Rf2 38. Qc3 e5 39. Nc6 Bf4 0-1

[Event "London Classic FIDE Open"]
[Site "London ENG"]
[Date "2011.12.07"]
[Round "5"]
[White "Player, Edmund C"]
[Black "McKerracher, Douglas"]
[Result "1-0"]
[WhiteElo "2199"]
[BlackElo "1976"]
[WhiteFideId "406520"]
[BlackFideId "2401002"]
[EventDate "2011.12.03"]

1. e4 d5 2. exd5 Qxd5 3. Nc3 Qa5 4. d4 Nf6 5. Nf3 c6 6. Bc4 Bf5 7. Bd2 e6 8. Ne4
Qc7 9. Nxf6+ gxf6 10. Bb3 Nd7 11. Nh4 Bg6 12. Qe2 O-O-O 13. g3 Kb8 14. O-O-O Bg7
15. Rhg1 Rhe8 16. Nxg6 hxg6 17. Rge1 Rh8 18. h4 Rh5 19. Bf4 e5 20. dxe5 fxe5 21.
Be3 f6 22. Qg4 Nf8 23. Rxd8+ Qxd8 24. Rd1 Qe7 25. Qa4 a6 26. Qa5 Nd7 27. Be6 b6
28. Qxa6 Qxe6 29. Bxb6 1-0